000 01738cam a22002054a 4500
005 20250605164233.0
008 250528s ||||||||||||||||||||||||d
035 _a21051
020 _a9789608969209
040 _aGR-AtMCL
_bgre
_dGR-AtMCL
_eAACR2
245 1 _aΜέθοδοι και Τεχνικές Έρευνας στις Επιστήμες της Αγωγής / Ποσοτικές και Ποιοτικές Προσεγγίσεις
250 _a
260 _bΕφύρα,
_c2007
300 _a440
520 _aΠρόλογος, Εισαγωγή, Βασικοί Προβληματισμοί για την Επιστημονική Έρευνα, Είδη Επιστημονικής Έρευνας, Σχεδιασμός και Οργάνωση της Ποσοτικής Έρευνας, Οι Υποθέσεις της Έρευνας, Διερεύνηση και Αξιοποίηση της Βιβλιογραφίας, Θεωρία και Έρευνα, Διεξαγωγή της Έρευνας, Το Δείγμα της Έρευνας, Μέσα Συλλογής του Ερευνητικού Υλικού, Το Ερωτηματολόγιο, Η Συνέντευξη, Η Παρατήρηση, Ευρήματα της Ποσοτικής Έρευνας και η Συγγραφή της, Ποιοτικές Έρευνες: Ιστορική Έρευνα, Έρευνα Δράσης, Ανάλυση Περιεχομένου, Μελέτη Περιπτώσεων, Η Βιογραφική Μέθοδος, Παραρτήματα, Βιβλιογραφία, Πίνακας Ονομάτων, Πίνακας Κυρίων Όρων.
700 1 _aΑθανασίου Λεωνίδας
_97082
942 _cBK
999 _c6122
_d6122